000 00437nam a2200169Ia 4500
008 230524s9999 xx 000 0 und d
020 _a9788192869223
082 _a624.1834
_bSHA
100 _aDr. H.J.Shah
245 0 _aReinforced Concrete : Advanced Reinforced Concrete. Vol-II
250 _a7
260 _aGujarat
_bCharotar
_c2014
300 _a"XVi,536p;"
500 _aQuantity Number: 20
650 _aCivil
942 _cBK
999 _c56306
_d56306